[Event "POLFINALY MISTRZOSTW POLSKI JUNIOROW 2021 D-17"]
[Site "Jatrzebia Gora"]
[Date "1899-12-30"]
[Round "8.5"]
[White "Matusik, Zuzanna"]
[Black "Krzyzosiak, Anna"]
[Result "1-0"]
[WhiteTitle "I"]
[BlackTitle "I++"]
[WhiteElo "1350"]
[BlackElo "1461"]

1. e4 c5 2. f4 d5 3. exd5 Nf6 4. Nf3 Nxd5 5. Bb5+ Bd7 6. Bxd7+ Qxd7 7. d3 Nc6 8.
c4 Ndb4 9. O-O Qxd3 10. a3 Qxd1 11. Rxd1 Nc2 12. Ra2 N2d4 13. Nxd4 Nxd4 14. b4
Rd8 15. Rad2 e6 16. Kf1 Nc6 17. b5 Rxd2 18. Bxd2 Nd4 19. Bc3 Nf5 20. Kf2 b6 21.
Be5 Be7 22. Bb8 Bd8 23. Bxa7 Bc7 24. a4 Ne7 25. a5 Nc8 26. axb6 Bxb6 27. Bb8 Ke7
28. Nc3 Rd8 29. Rxd8 Bxd8 30. Ke2 Kd7 31. Na4 Be7 32. Kd3 h5 33. Be5 f6 34. Bb2
Kc7 35. Ba3 Nb6 36. Bxc5 Bxc5 37. Nxc5 Kd6 38. Ne4+ Kc7 39. Nc5 Kd6 40. Na6 Nd7
41. Kd4 e5+ 42. fxe5+ Nxe5 43. c5+ Kd7 44. c6+ Nxc6+ 45. bxc6+ Kxc6 46. Ke4 g6
47. Nb4+ Kd6 48. Nd3 Ke6 49. Nf4+ Kf7 50. h4 Kg7 51. g3 Kh6 52. Kd5 g5 53. Nh3
Kg6 54. Ke6 gxh4 55. gxh4 f5 56. Nf4+ Kg7 57. Kxf5 Kh6 58. Kf6 Kh7 59. Kg5 Kg7
60. Kxh5 Kh7 61. Nh3 Kg7 62. Ng5 Kg8 63. Kg6 Kh8 64. h5 Kg8 65. h6 Kh8 66. Nf7+
1-0

[Event "POLFINALY MISTRZOSTW POLSKI JUNIOROW 2021 D-17"]
[Site "Jatrzebia Gora"]
[Date "1899-12-30"]
[Round "8.6"]
[White "Bychowska, Marta"]
[Black "Czerwinska, Oliwia"]
[Result "1-0"]
[WhiteTitle "I"]
[BlackTitle "I"]
[WhiteElo "1328"]
[BlackElo "1408"]

1. e4 c5 2. Nc3 Nc6 3. g3 Rb8 4. Bg2 b5 5. d3 b4 6. Nce2 e5 7. Nf3 d6 8. O-O Be7
9. c3 a5 10. d4 bxc3 11. bxc3 cxd4 12. cxd4 Ba6 13. Re1 Bxe2 14. Rxe2 Nxd4 15.
Nxd4 exd4 16. Bb2 Bf6 17. Bxd4 Bxd4 18. Qxd4 f6 19. Rd1 Ke7 20. Qa7+ Kf8 21. Red2
Qb6 22. Qxb6 Rxb6 23. Rxd6 Rxd6 24. Rxd6 Ke7 25. Ra6 g6 26. Rxa5 Nh6 27. a4 Nf7
28. Ra7+ Ke6 29. Bh3+ f5 30. exf5+ gxf5 31. Bxf5+ Kxf5 32. Rxf7+ Kg6 33. Ra7 Kf6
34. a5 Ke6 35. a6 Kd6 36. Rg7 Kc6 37. a7 Kb6 38. Rxh7 Ra8 39. f4 Rxa7 40. Rxa7
Kxa7 41. f5 1-0

[Event "POLFINALY MISTRZOSTW POLSKI JUNIOROW 2021 D-17"]
[Site "Jatrzebia Gora"]
[Date "1899-12-30"]
[Round "8.7"]
[White "Wolszczak, Natalia"]
[Black "Kulpa, Karolina"]
[Result "1/2-1/2"]
[WhiteTitle "I"]
[BlackTitle "I"]
[WhiteElo "1299"]
[BlackElo "1388"]

1. d4 c5 2. Nf3 cxd4 3. Nxd4 Nc6 4. c4 d5 5. e3 e5 6. Nf3 Bb4+ 7. Bd2 Bxd2+ 8.
Qxd2 Nge7 9. Nc3 Be6 10. cxd5 Nxd5 11. Bb5 f6 12. Bc4 Nc7 13. Bxe6 Nxe6 14. Qe2
Qa5 15. Qc4 Nc7 16. O-O O-O-O 17. Rfd1 Qb4 18. Qf7 Qe7 19. Qxe7 Nxe7 20. Kf1 Rxd1+
21. Rxd1 Rd8 22. Rxd8+ Kxd8 23. Ke2 Kd7 24. Kd3 Kd6 25. Nd2 Ned5 26. Nc4+ Kc5
27. Na5 Nxc3 28. Kxc3 b6 29. Nb7+ Kc6 30. Nd8+ Kd7 31. Nb7 Ne8 32. Kc4 Kc7 33.
Kd5 Kxb7 34. Ke6 Kc6 35. Ke7 Nd6 36. Kf8 g5 37. Kg7 Ne8+ 38. Kxh7 Kd6 39. Kg6
Ke6 40. g3 Nd6 41. h4 gxh4 42. gxh4 Nf7 43. h5 e4 44. h6 Ng5 45. h7 Nf7 46. Kg7
Nh8 47. b4 Ke7 48. Kg8 f5 49. Kg7 Nf7 1/2-1/2

[Event "POLFINALY MISTRZOSTW POLSKI JUNIOROW 2021 D-17"]
[Site "Jatrzebia Gora"]
[Date "1899-12-30"]
[Round "8.8"]
[White "Pacho, Maria"]
[Black "Kowalska, Julia"]
[Result "1-0"]
[WhiteTitle "II"]
[BlackTitle "II"]
[WhiteElo "1279"]
[BlackElo "1197"]

1. c4 e5 2. Nc3 Nc6 3. Nf3 Nf6 4. d3 h6 5. g3 Bb4 6. Bd2 d6 7. Bg2 Bf5 8. O-O O-O
9. a3 Bxc3 10. Bxc3 Re8 11. b4 a6 12. a4 Ne7 13. Re1 Ng6 14. Nd2 Rb8 15. b5 axb5
16. axb5 Bd7 17. Qa4 Qc8 18. Bb4 Bh3 19. Qd1 Bxg2 20. Kxg2 b6 21. e4 Qg4 22. Qxg4
Nxg4 23. Ra7 Rbc8 24. Rea1 Re7 25. h4 Nf6 26. Rb7 Kf8 27. Raa7 Ne8 28. f3 h5 29.
Kf2 f6 30. Ke3 Kf7 31. Nb3 Rd7 32. Rxb6 Ke6 33. Rbb7 Nf8 34. c5 g5 35. d4 Rcd8
36. d5+ Kf7 37. c6 Re7 38. b6 Rc8 39. bxc7 Rcxc7 40. Rxc7 Nxc7 41. Rb7 gxh4 42.
gxh4 f5 43. Bxd6 f4+ 44. Kf2 Re8 45. Rxc7+ 1-0

[Event "POLFINALY MISTRZOSTW POLSKI JUNIOROW 2021 D-17"]
[Site "Jatrzebia Gora"]
[Date "1899-12-30"]
[Round "8.9"]
[White "Rozumek, Paulina"]
[Black "Pieczewska, Gabriela"]
[Result "1/2-1/2"]
[WhiteTitle "II+"]
[BlackTitle "I"]
[WhiteElo "1084"]
[BlackElo "1199"]

1. e4 e6 2. d4 d5 3. exd5 exd5 4. Bd3 c5 5. dxc5 Bxc5 6. Nf3 Bg4 7. O-O Ne7 8.
Nc3 O-O 9. Bxh7+ Kh8 10. Bd3 Nbc6 11. Be2 Qd6 12. Ng5 Bxe2 13. Qxe2 Qg6 14. Rd1
Rad8 15. Rd3 Nf5 16. Nxd5 Ncd4 17. Rh3+ Kg8 18. Qc4 Qd6 19. Ne3 b5 20. Qd3 Qg6
21. Ng4 Nb3 22. Qf3 Nxa1 23. g3 Rfe8 24. Kg2 Nxc2 25. Qb7 Ne1+ 26. Kf1 f6 27.
Nf7 Qxf7 28. Rh8+ Kxh8 29. Qxf7 Nf3 30. Kg2 N3d4 31. h4 Re7 32. Qh5+ Kg8 33. Qg6
Kf8 34. h5 Rd6 35. Bf4 Rde6 36. Qh7 Bd6 37. Qh8+ Kf7 38. Bd2 Re8 39. Qh7 Kf8 40.
h6 R8e7 41. Qh8+ Kf7 42. hxg7 Nxg7 43. Qh7 Ke8 44. Qg6+ Kd8 45. Bh6 Ne8 46. Qd3
Nc6 47. Qxb5 Bc7 48. Ne3 Bb6 49. a4 Bxe3 50. Bxe3 Nc7 51. Qd3+ Rd7 52. Qc4 Rde7
53. Bc5 Rd7 54. b4 Ne5 55. Qb3 Rd3 56. Qc2 Ra3 57. a5 Nb5 58. Qf5 Kd7 59. Qh7+
Kd8 60. f4 1/2-1/2

[Event "POLFINALY MISTRZOSTW POLSKI JUNIOROW 2021 D-17"]
[Site "Jatrzebia Gora"]
[Date "1899-12-30"]
[Round "8.10"]
[White "Miarecka, Natalia"]
[Black "Rodzik, Malgorzata"]
[Result "1/2-1/2"]
[WhiteTitle "I"]
[BlackTitle "I"]
[WhiteElo "1308"]
[BlackElo "1198"]

1. e4 c5 2. Nf3 d6 3. c3 Nf6 4. h3 Nbd7 5. Bd3 e6 6. Bc2 Be7 7. d4 cxd4 8. cxd4
O-O 9. O-O b5 10. a3 Bb7 11. Nc3 a6 12. Re1 Nb6 13. Bf4 Rc8 14. Qd3 g6 15. Nd2
Qc7 16. Rac1 Nh5 17. Bh2 Bg5 18. Bb1 Qe7 19. Rcd1 e5 20. Nf3 Bf4 21. dxe5 Bxh2+
22. Kxh2 dxe5 23. Qd6 Qxd6 24. Rxd6 Nc4 25. Rd7 Ba8 26. Re2 Rfd8 27. Rxd8+ Rxd8
28. Ba2 Nf4 29. Rc2 Nd3 30. Bxc4 bxc4 31. Rd2 Rb8 32. b4 f6 33. Ng1 Bc6 34. f3
Kf7 35. Rc2 Ne1 36. Rd2 Nd3 37. Rc2 1/2-1/2

[Event "POLFINALY MISTRZOSTW POLSKI JUNIOROW 2021 D-17"]
[Site "Jatrzebia Gora"]
[Date "1899-12-30"]
[Round "8.11"]
[White "Reszka, Zofia"]
[Black "Wronska, Malgorzata"]
[Result "1-0"]
[WhiteTitle "I++"]
[BlackTitle "III"]
[WhiteElo "1338"]
[BlackElo "1001"]

1. e4 e5 2. Nf3 Nc6 3. d4 exd4 4. Nxd4 d6 5. Nc3 g6 6. Be3 Nge7 7. Bc4 Bg7 8. Qd2
Nxd4 9. Bxd4 Bxd4 10. Qxd4 Rg8 11. O-O-O Be6 12. Nd5 Bxd5 13. exd5 Qd7 14. Rhe1
c5 15. dxc6 Qxc6 16. Qxd6 Qxd6 17. Rxd6 Kf8 18. Rd7 Re8 19. Rxb7 Rg7 20. Bb5 1-0

[Event "POLFINALY MISTRZOSTW POLSKI JUNIOROW 2021 D-17"]
[Site "Jatrzebia Gora"]
[Date "1899-12-30"]
[Round "9.1"]
[White "Zniszczol, Wiktoria"]
[Black "Matusik, Zuzanna"]
[Result "1-0"]
[WhiteTitle "I++"]
[BlackTitle "I"]
[WhiteElo "1498"]
[BlackElo "1350"]

1. e4 e5 2. Nf3 Nf6 3. Nc3 Nc6 4. Bc4 Nxe4 5. Bxf7+ Kxf7 6. Nxe4 Be7 7. d4 d5 8.
Neg5+ Kg8 9. dxe5 h6 10. Nh3 Bg4 11. Bf4 d4 12. a3 Qd7 13. Nhg1 Qf5 14. Qd2 Rf8
15. Bg3 Qe4+ 16. Qe2 Qxe2+ 17. Kxe2 h5 18. h3 Bf5 19. Kd2 h4 20. Bh2 Be6 21. Rf1
Bc4 22. Ne2 Bd5 23. Ne1 Rh5 24. f4 Rhf5 25. Nf3 Bc5 26. Nxh4 Nxe5 27. Nxf5 Nc4+
28. Kc1 Bxg2 29. Nfxd4 Rd8 30. c3 Ne3 31. Re1 Bxh1 32. Rxh1 Bd6 33. f5 Bxh2 34.
Rxh2 c5 35. Rf2 cxd4 36. Nxd4 Kf7 37. Re2 Re8 38. b3 a6 39. Kd2 Nd5 40. Rxe8 Kxe8
41. Ne6 Kf7 42. c4 Ne7 43. Nd4 Kf6 44. Ke3 Nxf5+ 45. Nxf5 Kxf5 46. Kf3 Ke5 47.
Kg4 Kd4 48. Kg5 Kc3 49. Kg6 Kxb3 50. Kxg7 Kxa3 51. h4 b5 52. c5 b4 53. c6 b3 54.
c7 b2 55. c8=Q b1=Q 56. Qxa6+ Kb2 57. Qb5+ 1-0

[Event "POLFINALY MISTRZOSTW POLSKI JUNIOROW 2021 D-17"]
[Site "Jatrzebia Gora"]
[Date "1899-12-30"]
[Round "9.2"]
[White "Wojtas, Julia"]
[Black "Matyjasek, Michalina"]
[Result "1-0"]
[WhiteTitle "I+"]
[BlackTitle "I"]
[WhiteElo "1443"]
[BlackElo "1467"]

1. e4 c5 2. Nf3 g6 3. d4 cxd4 4. Nxd4 Nc6 5. Nc3 Bg7 6. Be3 Nf6 7. Bc4 O-O 8. Bb3
Re8 9. f3 e6 10. Qd2 d5 11. O-O-O Nxd4 12. Bxd4 e5 13. Be3 d4 14. Bh6 Be6 15.
Ne2 b5 16. h4 a5 17. Bxe6 Rxe6 18. Bxg7 Kxg7 19. h5 Qc7 20. Kb1 b4 21. hxg6 fxg6
22. Qd3 Rc6 23. g4 Rc8 24. g5 Nh5 25. Rc1 a4 26. f4 Rc4 27. b3 axb3 28. cxb3 Rxc1+
29. Rxc1 Qd7 30. Rxc8 Qxc8 31. fxe5 Qg4 32. e6 Qxe6 33. Qxd4+ Kg8 34. Qd5 Qxd5
35. exd5 Kf7 36. Kc2 Ke7 37. Kd3 Ng7 38. Ng3 Ne8 39. Ne4 Kd7 40. Nf6+ Nxf6 41.
gxf6 h5 42. Ke4 g5 43. Ke5 Ke8 44. Ke6 h4 45. f7+ Kf8 46. d6 h3 47. d7 h2 48.
d8=Q+ Kg7 49. Qxg5+ 1-0

[Event "POLFINALY MISTRZOSTW POLSKI JUNIOROW 2021 D-17"]
[Site "Jatrzebia Gora"]
[Date "1899-12-30"]
[Round "9.3"]
[White "Pawlak, Emilia"]
[Black "Pacho, Maria"]
[Result "1-0"]
[WhiteTitle "I+"]
[BlackTitle "II"]
[WhiteElo "1445"]
[BlackElo "1279"]

1. c4 c5 2. Nc3 Nc6 3. g3 Nf6 4. Bg2 d6 5. e4 e6 6. Nge2 Be7 7. d3 O-O 8. O-O a6
9. h3 Rb8 10. a4 Bd7 11. Be3 Qc8 12. f4 Qc7 13. Kh2 Na7 14. Qd2 b5 15. axb5 axb5
16. b3 Bc6 17. g4 Nd7 18. d4 b4 19. Nd1 cxd4 20. Nxd4 Nc5 21. Rxa7 Rb7 22. Rxb7
Bxb7 23. Nf2 Qa5 24. Qb2 Ra8 25. Nc2 Qa2 26. Rb1 Bf6 27. Qxa2 Rxa2 28. Nxb4 Re2
29. Bxc5 dxc5 30. Nbd3 Bd4 31. Bf1 Rd2 32. Rd1 Rxd1 33. Nxd1 Bxe4 34. N1b2 Kf8
35. Na4 Bxd3 36. Bxd3 h6 37. Kg3 Ke7 38. Kf3 Kd6 39. Ke4 Ba1 40. Be2 Bf6 41. Kd3
g5 42. Nc3 Be7 43. Ke4 Bf6 44. Kd3 Be7 45. Ne4+ Kc7 46. f5 e5 47. f6 Bf8 48. Nc3
Kd6 49. Ke4 Ke6 50. Nd5 Bd6 51. Bd3 Bf8 52. Ke3 Kd7 53. Bf5+ Ke8 54. Ke4 Bd6 55.
Nc3 Bc7 56. Nb5 1-0

[Event "POLFINALY MISTRZOSTW POLSKI JUNIOROW 2021 D-17"]
[Site "Jatrzebia Gora"]
[Date "1899-12-30"]
[Round "9.4"]
[White "Szewczyk, Malwina"]
[Black "Bychowska, Marta"]
[Result "1/2-1/2"]
[WhiteTitle "I"]
[BlackTitle "I"]
[WhiteElo "1409"]
[BlackElo "1328"]

1. d4 d5 2. Nf3 c6 3. e3 Nf6 4. Bd3 e6 5. Nbd2 Nbd7 6. O-O Bd6 7. c3 O-O 8. e4
dxe4 9. Nxe4 Nxe4 10. Bxe4 h6 11. Bc2 Nf6 12. Qe2 b6 13. Ne5 Qc7 14. Bf4 Bb7 15.
Qd3 Rfe8 16. Rae1 Kf8 17. Qh3 Ng8 18. Qg3 Rad8 19. c4 g5 20. Bxg5 hxg5 21. Qxg5
Bxe5 22. dxe5 Qe7 23. Qh5 Rd4 24. Re4 Red8 25. Rg4 Rxg4 26. Qxg4 Qe8 27. Bh7 Ke7
28. Qg5+ f6 29. Qg7+ Qf7 30. Qh8 fxe5 31. Bxg8 Rxg8 32. Qxe5 Qg7 33. Qc7+ Kf6
34. Qf4+ Kg6 35. Re1 Qf6 36. Qg4+ Kf7 37. Qe4 Qf5 38. Qxf5+ exf5 39. f3 Rd8 40.
Re2 Rd4 41. b3 a5 42. Kf2 Rd7 43. h4 Kf6 44. Kg3 Ba6 45. Rc2 Rd4 46. Rc3 a4 47.
Kh3 Rd2 48. bxa4 Rxa2 49. Rb3 Bxc4 50. Rxb6 Bd5 51. Ra6 Ke5 52. Ra7 Ra1 53. Kh2
Kf4 54. a5 c5 55. a6 c4 56. Rd7 Ke5 57. a7 c3 58. Rc7 Kd4 59. h5 1/2-1/2

[Event "POLFINALY MISTRZOSTW POLSKI JUNIOROW 2021 D-17"]
[Site "Jatrzebia Gora"]
[Date "1899-12-30"]
[Round "9.5"]
[White "Zablocka, Marta"]
[Black "Bienko, Jagoda"]
[Result "1/2-1/2"]
[WhiteTitle "I"]
[BlackTitle "I"]
[WhiteElo "1327"]
[BlackElo "1332"]

1. e4 c5 2. c3 d5 3. exd5 Qxd5 4. Nf3 Nc6 5. Na3 Bg4 6. Be2 Nf6 7. O-O e6 8. d3
Be7 9. Nc4 Bh5 10. Bf4 O-O 11. Re1 b5 12. Ne3 Qd7 13. Ne5 Nxe5 14. Bxe5 Bxe2 15.
Qxe2 Nd5 16. Nxd5 exd5 17. Bxg7 Rfe8 18. Bh6 Bg5 19. Qh5 Bxh6 20. Qxh6 Re6 21.
Rxe6 Qxe6 22. Qxe6 fxe6 23. Re1 Kf7 24. f4 Kf6 25. Kf2 a5 26. Kf3 b4 27. g4 bxc3
28. bxc3 Rb8 29. g5+ Kf7 30. f5 exf5 31. Re5 Kg6 32. Rxd5 Kxg5 33. Rxc5 Rb2 34.
Rxa5 Rxh2 35. Kg3 Rd2 36. Rd5 Rxa2 37. Rd8 1/2-1/2

[Event "POLFINALY MISTRZOSTW POLSKI JUNIOROW 2021 D-17"]
[Site "Jatrzebia Gora"]
[Date "1899-12-30"]
[Round "9.6"]
[White "Mytnik, Kinga"]
[Black "Drela, Monika"]
[Result "1-0"]
[WhiteTitle "I"]
[BlackTitle "II+"]
[WhiteElo "1477"]
[BlackElo "1272"]

1. e4 c5 2. Nc3 g6 3. Bc4 e6 4. f4 Bg7 5. Nf3 Ne7 6. d3 Nbc6 7. O-O a6 8. a4 d5
9. Bb3 O-O 10. Qe1 Nd4 11. f5 Nxb3 12. cxb3 dxe4 13. f6 Bxf6 14. dxe4 Nc6 15.
Bh6 Bg7 16. Bg5 Qc7 17. Qh4 f5 18. exf5 Rxf5 19. Ne4 Bd7 20. Bf6 Rf4 21. Qg3 e5
22. Bxg7 Kxg7 23. Nc3 Be6 24. Ng5 Rxf1+ 25. Rxf1 Bxb3 26. Nb5 axb5 27. Qxb3 Qc8
28. Rf7+ Kh6 29. Qe3 Qg8 30. Ne6+ g5 31. Rf6+ Qg6 32. Qxg5# 1-0

[Event "POLFINALY MISTRZOSTW POLSKI JUNIOROW 2021 D-17"]
[Site "Jatrzebia Gora"]
[Date "1899-12-30"]
[Round "9.7"]
[White "Krzyzosiak, Anna"]
[Black "Wolszczak, Natalia"]
[Result "1-0"]
[WhiteTitle "I++"]
[BlackTitle "I"]
[WhiteElo "1461"]
[BlackElo "1299"]

1. e4 c5 2. Ne2 Nc6 3. d4 cxd4 4. Nxd4 Nf6 5. Nc3 d6 6. Bg5 a6 7. Bxf6 gxf6 8.
a3 Bg7 9. Bc4 O-O 10. Nxc6 bxc6 11. Qf3 Qd7 12. O-O Rb8 13. Bb3 f5 14. exf5 Qxf5
15. Qe3 e6 16. Rad1 d5 17. Qc5 Bd7 18. Rd3 Rfe8 19. Rf3 Qh5 20. Rh3 Qf5 21. Rf3
Qg5 22. Rg3 Qe7 23. Qd4 e5 24. Qd3 e4 25. Qxa6 Kh8 26. Nd1 d4 27. Qc4 Be5 28.
Qxf7 Bxg3 29. hxg3 Qxf7 30. Bxf7 Re7 31. Bc4 Be6 32. Bxe6 Rxe6 33. Re1 c5 34.
b3 Rbe8 35. Nb2 Kg7 36. Nc4 d3 37. cxd3 exd3 38. Rxe6 Rxe6 39. Kf1 Kf7 40. b4
cxb4 41. axb4 Ke7 42. Ne3 Kd6 43. Ke1 Ke5 44. Kd2 Kd4 45. Nf5+ Ke4 46. Ne3 Rd6
47. f3+ Ke5 48. Nc4+ Kd5 49. Nxd6 Kxd6 50. Kxd3 Kd5 51. Ke3 Kc4 52. Kf4 Kxb4 53.
Kg5 Kc4 54. Kh6 Kd4 55. Kxh7 Ke5 56. Kg6 Ke6 57. f4 Ke7 58. Kg7 Ke6 59. g4 Ke7
60. f5 Ke8 61. f6 1-0

[Event "POLFINALY MISTRZOSTW POLSKI JUNIOROW 2021 D-17"]
[Site "Jatrzebia Gora"]
[Date "1899-12-30"]
[Round "9.8"]
[White "Kulpa, Karolina"]
[Black "Miarecka, Natalia"]
[Result "1-0"]
[WhiteTitle "I"]
[BlackTitle "I"]
[WhiteElo "1388"]
[BlackElo "1308"]

1. e4 e5 2. Nf3 Nf6 3. Nxe5 d6 4. Nf3 Nxe4 5. Nc3 Nxc3 6. dxc3 Be7 7. Bf4 Be6 8.
Qd2 Nc6 9. O-O-O Qd7 10. Ng5 Bg4 11. f3 Bh5 12. Bc4 h6 13. Ne4 O-O-O 14. Qd5 g5
15. Be3 f5 16. Nd2 Rhf8 17. Qe6 Qxe6 18. Bxe6+ Kb8 19. g4 Bg6 20. h4 f4 21. Bf2
d5 22. Nb3 Bf7 23. Rde1 Bxe6 24. Rxe6 Bf6 25. Rhe1 gxh4 26. Rxf6 Rxf6 27. Bxh4
Rff8 28. Bxd8 Rxd8 29. Re6 Rd6 30. Re8+ Rd8 31. Rxd8+ Nxd8 32. Nd4 c6 33. Kd2
Kc7 34. Kd3 c5 35. Nf5 Nf7 36. b3 Kd7 37. c4 dxc4+ 38. Ke4 cxb3 39. cxb3 Ke6 40.
Kxf4 Kd5 41. Nh4 Ke6 42. Nf5 b5 43. Ke4 Ng5+ 44. Ke3 Nf7 45. f4 Kd5 46. Ne7+ Ke6
47. Nc6 Kd5 48. Nxa7 Nd6 49. g5 h5 50. Kf3 b4 51. g6 Nf5 52. Nc8 Kd4 53. Nb6 Nh4+
54. Kg3 Nxg6 55. f5 Ne7 56. f6 Ng6 57. Nd7 Kc3 58. Nxc5 Kb2 59. Nd3+ Kc3 60. Nf4
h4+ 61. Kg4 Nf8 62. Nd5+ Kd4 63. Nxb4 Ng6 64. Nc6+ Kd5 65. Ne7+ Nxe7 66. fxe7
1-0

[Event "POLFINALY MISTRZOSTW POLSKI JUNIOROW 2021 D-17"]
[Site "Jatrzebia Gora"]
[Date "1899-12-30"]
[Round "9.9"]
[White "Pieczewska, Gabriela"]
[Black "Reszka, Zofia"]
[Result "0-1"]
[WhiteTitle "I"]
[BlackTitle "I++"]
[WhiteElo "1199"]
[BlackElo "1338"]

1. g3 e5 2. Bg2 Nf6 3. d3 d5 4. Bg5 Be7 5. c4 Be6 6. Bxf6 Bxf6 7. Qb3 b6 8. cxd5
Bd7 9. Nd2 O-O 10. Ngf3 c6 11. dxc6 Bxc6 12. O-O Nd7 13. Rac1 Rc8 14. Rfd1 Qe7
15. a3 Rfd8 16. Rc2 Nc5 17. Qa2 e4 18. dxe4 Ba4 19. Rcc1 Bxd1 20. Rxd1 Nxe4 21.
Qb1 Nxd2 22. Rxd2 Rxd2 23. Nxd2 Qxe2 24. Nf1 Bd4 25. Qf5 Rc2 26. Kh1 Qxf2 27.
Qxf2 Rxf2 28. b3 Ra2 29. a4 Ra1 30. h3 Rb1 31. g4 Rxb3 0-1

[Event "POLFINALY MISTRZOSTW POLSKI JUNIOROW 2021 D-17"]
[Site "Jatrzebia Gora"]
[Date "1899-12-30"]
[Round "9.10"]
[White "Kowalska, Julia"]
[Black "Rozumek, Paulina"]
[Result "1-0"]
[WhiteTitle "II"]
[BlackTitle "II+"]
[WhiteElo "1197"]
[BlackElo "1084"]

1. e4 c6 2. Nf3 d5 3. exd5 cxd5 4. d4 Nd7 5. Nc3 Ngf6 6. g3 e6 7. Bg2 Bd6 8. O-O
O-O 9. Re1 Re8 10. Nb5 Bb4 11. c3 Be7 12. Bf4 e5 13. Bxe5 Nxe5 14. dxe5 Ne4 15.
Nbd4 Bc5 16. Nd2 Qb6 17. Nxe4 dxe4 18. b4 Bxd4 19. Qxd4 Rd8 20. Qxb6 axb6 21.
Rxe4 Bf5 22. Rd4 Re8 23. f4 g6 24. Bxb7 Ra3 25. c4 Re7 26. Bc6 Rea7 27. Rd2 Rc3
28. Bb5 Raa3 29. Re1 Bd3 30. e6 fxe6 31. Rxe6 Bxc4 32. Bxc4 Rxc4 33. Rxb6 Rc1+
34. Kg2 Ra1 35. Rd7 R1xa2+ 36. Kh3 Ra8 37. Rbb7 h5 38. Rg7+ Kf8 39. Rxg6 Re2 40.
Rh6 Kg8 41. Rxh5 1-0

[Event "POLFINALY MISTRZOSTW POLSKI JUNIOROW 2021 D-17"]
[Site "Jatrzebia Gora"]
[Date "1899-12-30"]
[Round "9.11"]
[White "Wronska, Malgorzata"]
[Black "Rodzik, Malgorzata"]
[Result "1/2-1/2"]
[WhiteTitle "III"]
[BlackTitle "I"]
[WhiteElo "1001"]
[BlackElo "1198"]

1. d4 d5 2. c4 e6 3. Nc3 Nf6 4. e3 c6 5. Nf3 Nbd7 6. Be2 Bd6 7. g3 O-O 8. b3 Bb4
9. Bd2 Bxc3 10. Bxc3 Ne4 11. Qc2 Ndf6 12. Ne5 Nxc3 13. Qxc3 Ne4 14. Qd3 f6 15.
Nf3 e5 16. O-O Bf5 17. Qd1 Nc3 18. Qd2 Nxe2+ 19. Qxe2 exd4 20. Nxd4 Qd7 21. Nxf5
Qxf5 22. cxd5 Qxd5 23. Rfd1 Qe5 24. Qc4+ Kh8 25. Rac1 Rad8 26. Rxd8 Rxd8 27. Rc2
Qc7 28. a4 Rc8 29. Rd2 h6 30. Qe6 Rd8 31. Rxd8+ Qxd8 32. Qf7 Qd1+ 33. Kg2 Qd5+
34. Qxd5 cxd5 35. f4 Kg8 36. Kf2 Kf7 37. Ke2 Ke6 38. Kf3 g6 39. h4 h5 40. g4 a5
41. gxh5 gxh5 42. e4 dxe4+ 43. Kxe4 f5+ 44. Kd4 Kd6 1/2-1/2